000
00320 a2200133 4500
000
nam a22 7a 4500
100
_a
Sujit Kr Choudhary
110
_a
Sujit Kr Choudhary
245
_a
founding fathers of sociology
250
_a
latest edition
260
_b
Manohar
_c
2026
264
_b
Manohar
_c
2026
942
_c
BK
999
_c
394644
_d
394644